[Event "FSGM May"]
[Site "Budapest HUN"]
[Date "2008.05.15"]
[Round "13"]
[White "Sjugirov,S"]
[Black "Hendriks,W"]
[Result "1/2-1/2"]
[WhiteElo "2492"]
[BlackElo "2411"]

1.e4 c5 2.Nf3 Nc6 3.Bb5 g6 4.O-O Bg7 5.Re1 Nf6 6.e5 Nd5 7.Nc3 Nc7 8.Bxc6 dxc6
9.Ne4 b6 10.Nf6+ Kf8 11.Ne4 h6 12.h3 Kg8 13.d3 Kh7 14.a4 Be6 15.b3 Qd7 16.Bb2 Bd5
17.Qe2 Ne6 18.Qe3 Rhd8 19.Rac1 Rf8 20.Nh4 Rad8 21.Nd2 Nc7 22.Qg3 g5 23.Nhf3 Qf5
24.Nh2 Ne6 25.Ne4 Rg8 26.Qg4 Qg6 27.Nf1 h5 28.Qf3 g4 29.hxg4 hxg4 30.Qg3 Bh6
31.Rb1 Qh5 32.Bc1 Nd4 33.Bxh6 Qxh6 34.Nh2 Qh5 35.Rbc1 Nf3+ 36.Kh1 Nxe1 37.Rxe1 Be6
38.Kg1 Rg6 39.Qf4 Kg7 40.Nf1 Qh6 41.Qxh6+ Rxh6 42.a5 Rhh8 43.Nfg3 Kg6 44.Ne2 Kf5
45.N2g3+ Kf4 46.Re3 Rh6 47.Nc3 Bd5 48.Na4 Rb8 49.Ne2+ Kg5 50.Ng3 Kf4  1/2-1/2

[Event "Mayors Cup Open"]
[Site "Mumbai IND"]
[Date "2008.05.15"]
[Round "6"]
[White "Niraj,N"]
[Black "Kiran,M"]
[Result "0-1"]
[WhiteElo "2011"]
[BlackElo "2316"]

1.e4 c5 2.Nf3 Nc6 3.Bb5 e6 4.O-O Nge7 5.c3 a6 6.Ba4 b5 7.Bc2 d5 8.e5 d4 9.d3 Ng6
10.Re1 Bb7 11.a4 dxc3 12.Nxc3 b4 13.Nb1 Nd4 14.Nbd2 Be7 15.h3 O-O 16.Nxd4 Qxd4
17.Nc4 Rad8 18.Be3 Qd5 19.f3 Nxe5 20.Na5 Ba8 21.Qe2 Ng6 22.Nc4 Qh5 23.Qf2 Nh4
24.Nd2 Nf5 25.g4 Qg6 26.d4 cxd4 27.Bxd4 Bh4 28.Qxh4 Nxh4 29.Bxg6 Rxd4 30.Nb3 Nxf3+
31.Kf2 fxg6 32.Nxd4 Nxd4+  0-1

[Event "Mayors Cup Open"]
[Site "Mumbai IND"]
[Date "2008.05.15"]
[Round "7"]
[White "Stany,G"]
[Black "Tiwari,Ar"]
[Result "1/2-1/2"]
[WhiteElo "2212"]
[BlackElo "2320"]

1.e4 c5 2.Nf3 Nc6 3.Bb5 g6 4.Bxc6 dxc6 5.d3 Bg7 6.h3 e5 7.Nc3 Ne7 8.Be3 b6
9.Qd2 h6 10.Ne2 Qd6 11.Ng3 Be6 12.a3 O-O-O 13.b4 c4 14.dxc4 Bxc4 15.Qxd6 Rxd6
16.Nd2 Be6 17.O-O-O Rhd8 18.Nf3 Kb7 19.Rxd6 Rxd6 20.h4 h5 21.Rd1 Rxd1+ 22.Kxd1 Bg4
23.Bg5 Nc8 24.Ne2 Nd6 25.Nd2 f6 26.Be3 Bf8 27.f3 Be6 28.Nc3 Be7 29.Ke2 Nc4
30.Nxc4 Bxc4+ 31.Kf2 a5 32.Na4 axb4 33.axb4 Bxb4 34.Nxb6 Bf7 35.Nd7 Be7 36.Bc5 Bd8
37.Bf8 Kc8 38.Nc5  1/2-1/2

[Event "Mayors Cup Open"]
[Site "Mumbai IND"]
[Date "2008.05.15"]
[Round "7"]
[White "Hapse,S"]
[Black "Raghavendra,V"]
[Result "1-0"]
[WhiteElo "1890"]
[BlackElo "2131"]

1.e4 c5 2.Nf3 Nc6 3.Bb5 Nf6 4.Bxc6 dxc6 5.d3 Bg4 6.Nbd2 g6 7.O-O Bg7 8.Re1 O-O
9.h3 Bxf3 10.Nxf3 Qc7 11.Be3 b6 12.Qd2 Nd7 13.Rab1 Rfd8 14.Bh6 Ne5 15.Nh2 Qd6
16.Bxg7 Kxg7 17.f4 Qd4+ 18.Kh1 Nc4 19.Qe2 Nd6 20.Nf3 Qa4 21.Ne5 Rac8 22.a3 Nb5
23.c3 f6 24.Nc4 Nd6 25.Nxd6 exd6 26.b3 Qa6 27.e5 Re8 28.exf6+ Kxf6 29.Qg4 Qb7
30.Qg5+ Kg7 31.h4 Qf7 32.h5 Qf6 33.Qg4 Qf5 34.Qxf5 gxf5 35.Kg1 Kh6 36.Kf2 Kxh5
37.Kf3 Kg6 38.g4 fxg4+ 39.Kxg4 Kf6 40.Rh1 Kg7 41.Rbe1 Rxe1 42.Rxe1 Kf7 43.Rh1 Kg7
44.Re1 Kf7 45.Rh1 Rg8+ 46.Kf3 Rg7 47.Rh6 Ke7 48.f5 Kd7 49.Kf4 b5 50.f6 Rf7
51.Kf5 a5 52.Rh4 Ke8 53.Ke6 d5 54.c4 dxc4 55.dxc4 bxc4 56.Rxc4 Rb7 57.Rc3 Kf8
58.Rd3 Rb8 59.f7 Kg7 60.Rg3+ Kh8 61.Ke7 Rb7+ 62.Kf6  1-0

[Event "Kaupthing Open"]
[Site "Differdange LUX"]
[Date "2008.05.16"]
[Round "8"]
[White "Faibisovich,V"]
[Black "Vatter,H"]
[Result "1-0"]
[WhiteElo "2421"]
[BlackElo "2325"]

1.Nf3 c5 2.e4 Nc6 3.Bb5 e6 4.O-O Nge7 5.c3 d5 6.exd5 Qxd5 7.d4 cxd4 8.c4 Qh5
9.Nxd4 Qxd1 10.Rxd1 Bd7 11.Nc3 Nxd4 12.Rxd4 Nc6 13.Rd1 a6 14.Ba4 Bb4 15.Ne4 O-O-O
16.Be3 Ne5 17.Bxd7+ Rxd7 18.Rxd7 Kxd7 19.Bd4 Nxc4 20.Bxg7 Rc8 21.Rd1+ Kc6
22.Rc1 Kd7 23.Nf6+ Ke7 24.b3 Nd6 25.Rxc8 Nxc8 26.Nxh7 Bd2 27.Bf6+ Kd6 28.Ng5 Bxg5
29.Bxg5 Nb6 30.h4 Kd5 31.h5  1-0

[Event "43rd Capablanca Memorial Open"]
[Site "Havana CUB"]
[Date "2008.05.16"]
[Round "9"]
[White "De la Paz Perdomo,F"]
[Black "Ibarra Chami,L"]
[Result "1/2-1/2"]
[WhiteElo "2483"]
[BlackElo "2369"]

1.e4 c5 2.Nf3 Nc6 3.Bb5 d6 4.O-O Bd7 5.Re1 Nf6 6.c3 a6 7.Bf1 Bg4 8.d3 e5
9.Nbd2 Be7 10.h3 Bh5 11.a4  1/2-1/2

[Event "43rd Capablanca Memorial Open"]
[Site "Havana CUB"]
[Date "2008.05.16"]
[Round "9"]
[White "Perez Garcia,Rodn"]
[Black "Matsuura,E"]
[Result "1/2-1/2"]
[WhiteElo "2432"]
[BlackElo "2500"]

1.e4 c5 2.Nf3 Nc6 3.Bb5 e6 4.O-O Nge7 5.b3 a6 6.Bxc6 Nxc6 7.Bb2 b5 8.Na3 d6
9.d4 cxd4 10.Nxd4 Bb7 11.c4 Be7 12.cxb5 Nxd4 13.Qxd4 Bf6 14.Qd2 Bxe4 15.Rfe1 d5
16.Bxf6 gxf6 17.bxa6 O-O 18.Nb5 Rxa6 19.a4 Bg6 20.Rac1 e5 21.f4 Be4 22.Nc3 Qb6+
23.Kh1 Qxb3 24.Nxe4 dxe4 25.Rxe4 Rxa4 26.Rxa4 Qxa4 27.fxe5 Qh4 28.exf6  1/2-1/2

[Event "TCh-ISR"]
[Site "Israel ISR"]
[Date "2008.05.16"]
[Round "8"]
[White "Krayz,A"]
[Black "Avrukh,B"]
[Result "0-1"]
[WhiteElo "2384"]
[BlackElo "2632"]

1.e4 c5 2.Nf3 Nc6 3.Bb5 Qb6 4.Qe2 g6 5.c3 Bg7 6.O-O Nf6 7.Rd1 Nxe4 8.Bxc6 Qxc6
9.Re1 d5 10.d3 f5 11.dxe4 fxe4 12.Bg5 h6 13.Bh4 O-O 14.Nfd2 g5 15.Bg3 Bd7
16.Nf1 Qg6 17.c4 h5 18.Nc3 Bxc3 19.bxc3 h4 20.cxd5 hxg3 21.Nxg3 Rf4 22.Nxe4 Raf8
23.Qe3 b6 24.Rad1 R8f7 25.Rd2 Bf5 26.Ng3 Bd7 27.Qe5 Qf6 28.Qe3 Qg6 29.f3 g4
30.fxg4 Bxg4 31.Rf1 Rxf1+ 32.Nxf1 Qb1 33.Rf2 Rxf2 34.Qxf2 Qd1 35.Qg3 Kf7
36.Qf4+ Ke8 37.Kf2 Bd7  0-1

[Event "TCh-ISR"]
[Site "Israel ISR"]
[Date "2008.05.17"]
[Round "9"]
[White "Shklovski,Vl"]
[Black "Bykhovsky,An ISR"]
[Result "1/2-1/2"]
[WhiteElo "2287"]
[BlackElo "2394"]

1.e4 c5 2.Nf3 Nc6 3.Bb5 d6 4.O-O Bd7 5.Re1 a6 6.Bxc6 Bxc6 7.d4 cxd4 8.Nxd4 e6
9.Nxc6 bxc6 10.c4 Nf6 11.Nc3 Be7 12.Qa4 Qc8  1/2-1/2

[Event "Mayors Cup Open"]
[Site "Mumbai IND"]
[Date "2008.05.17"]
[Round "9"]
[White "Deshpande,Ani"]
[Black "Harihara,S"]
[Result "1-0"]
[WhiteElo "2174"]
[BlackElo "1980"]

1.e4 c5 2.Nf3 Nc6 3.Bb5 g6 4.Bxc6 bxc6 5.O-O Bg7 6.d3 e5 7.c3 Ne7 8.b4 cxb4
9.cxb4 O-O 10.Bb2 d6 11.d4 Bg4 12.dxe5 Bxf3 13.Qxf3 dxe5 14.Na3 Qb6 15.Bc3 c5
16.b5 a6 17.Nc4 Qe6 18.Na3 Rfb8 19.b6 Rxb6 20.Qe3 Rc8 21.Rfc1 c4 22.Nc2 Rd6
23.Qe1 Rcd8 24.Bb4 Rd3 25.Bxe7 Qxe7 26.Nb4 Qb7 27.Nxd3 cxd3 28.Rab1 Qd7 29.Qd2 Qa4
30.Rd1 Qxe4 31.Rb3 Qc4 32.Rxd3 Rxd3 33.Qxd3 Qxa2 34.g3 a5 35.Rc1 a4 36.Rc8+ Bf8
37.h4 Qa1+ 38.Kg2 Qb2 39.Qd5 Qd4 40.Qxd4 exd4 41.Rc4 a3 42.Rxd4 h5 43.Ra4 Kg7
44.Ra6 Bc5 45.f3 Kh7 46.g4 Kh6 47.gxh5 Be7 48.hxg6 fxg6 49.Kh3 Kh5 50.Ra7 Bf8
51.Ra8  1-0

[Event "III President's Cup"]
[Site "Baku AZE"]
[Date "2008.05.18"]
[Round "7"]
[White "Vaghar,M"]
[Black "Nigalidze,G"]
[Result "0-1"]
[WhiteElo "2225"]
[BlackElo "2455"]

1.e4 c5 2.Nf3 Nc6 3.Bb5 e6 4.Bxc6 bxc6 5.d3 d5 6.O-O Nf6 7.e5 Nd7 8.b3 h6
9.Bb2 g5 10.Nbd2 Bg7 11.Qe2 Qc7 12.h3 Bb7 13.Rfe1 Nf8 14.c4 Ng6 15.Rac1 O-O
16.g3 Rac8 17.Nf1 d4 18.N1h2 Qe7 19.Rc2 Rce8 20.Qe4 f5 21.exf6 Rxf6 22.Ba3 Bc8
23.Nxd4 e5 24.Rce2 Qd6 25.Ndf3 Bxh3 26.d4 Bf5 27.dxe5 Rxe5 28.Qxe5 Nxe5 29.Rxe5 Qd7
30.Bxc5 Re6 31.Rxe6 Bxe6 32.Ne5 Bxe5 33.Rxe5 Qd1+ 34.Kg2 Kf7 35.Re3 g4 36.Bxa7 Bf5
37.a4 Bc2 38.a5 h5 39.Bb6 Bxb3 40.Rc3 Bxc4  0-1

[Event "Mayors Cup Open"]
[Site "Mumbai IND"]
[Date "2008.05.18"]
[Round "10"]
[White "Himanshu,Sh"]
[Black "Padmini,R"]
[Result "1-0"]
[WhiteElo "2412"]
[BlackElo "2238"]

1.e4 c5 2.Nf3 Nc6 3.Bb5 d6 4.O-O Bd7 5.c3 Nf6 6.Re1 a6 7.Bf1 Bg4 8.h3 Bxf3
9.Qxf3 g6 10.Qd1 e5 11.d3 Bg7 12.f4 exf4 13.Bxf4 O-O 14.Nd2 b5 15.Nf3 Re8
16.Qc2 Rc8 17.Kh1 b4 18.Rad1 bxc3 19.bxc3 Nh5 20.Bh2 Qf6 21.Qf2 Ne5 22.d4 cxd4
23.cxd4 Nxf3 24.Qxf3 Qxf3 25.gxf3 Rc6 26.d5 Rb6 27.Rb1 Reb8 28.Rxb6 Rxb6
29.Bc4 a5 30.Bb3 Bh6 31.e5 dxe5 32.Bxe5 Ra6 33.d6 Ra8 34.d7 Bg5 35.Bd5 Rd8
36.Bc6 Nf6 37.Rd1 Nxd7 38.Rxd7 Re8 39.f4 f6 40.Bd5+ Kh8 41.Bc3 Bh4 42.Bxa5  1-0

[Event "Mayors Cup Open"]
[Site "Mumbai IND"]
[Date "2008.05.19"]
[Round "11"]
[White "Mishra,S"]
[Black "Swathi,G"]
[Result "0-1"]
[WhiteElo "2278"]
[BlackElo "2350"]

1.e4 c5 2.Nf3 Nc6 3.Bb5 Qb6 4.Nc3 e6 5.O-O Nge7 6.Re1 a6 7.Bf1 Ng6 8.b3 Be7
9.Bb2 O-O 10.g3 Qc7 11.a4 b6 12.Bg2 Bb7 13.h4 Bf6 14.h5 Nge5 15.Nh2 d6 16.Rb1 Nd7
17.Ng4 Bd4 18.Ne2 Bxb2 19.Rxb2 Nce5 20.Nf4 Rae8 21.c3 Nxg4 22.Qxg4 f5 23.Qg5 h6
24.Qh4 Ne5 25.d3 fxe4 26.dxe4 c4 27.Qh3 Rxf4 28.gxf4 Nd3 29.Reb1 Nxb2 30.Rxb2 b5
31.axb5 axb5 32.Qe3 Qa5 33.Qd2 Qa8 34.Ra2 Qc8 35.bxc4 Qxc4 36.Ra7 Bxe4 37.Qxd6 Bxg2
38.Kxg2 Qe4+ 39.Kg3 e5 40.Rd7 Qxf4+ 41.Kg2 Rf8 42.Qd5+ Kh8 43.Qd2 Qf3+ 44.Kg1 Rf5
45.Rd3 Qxh5 46.Rg3 Rf7 47.Rg2 Qf5 48.Qd5 Rd7 49.Qa8+ Kh7 50.Qa1 Qf3 51.Qb1+ e4
52.Qxb5 Rd1+ 53.Kh2 Qf4+ 54.Rg3 Qh4+  0-1

[Event "Mayors Cup Open"]
[Site "Mumbai IND"]
[Date "2008.05.19"]
[Round "11"]
[White "Hapse,S"]
[Black "Rajesh,VA"]
[Result "0-1"]
[WhiteElo "1890"]
[BlackElo "2259"]

1.e4 c5 2.Nf3 Nc6 3.Bb5 a6 4.Bxc6 dxc6 5.d3 Qc7 6.h3 e5 7.O-O Nf6 8.Be3 Be7
9.Nbd2 O-O 10.Nh2 Be6 11.Kh1 b5 12.Qe2 Bd6 13.b3 h6 14.Rg1 Nh7 15.g4 Rae8
16.Ndf1 c4 17.bxc4 bxc4 18.dxc4 Qa5 19.Ng3 Bc5 20.Nf5 Ng5 21.Rg3 Nxe4 22.Rgg1 Qc3
23.Bxc5 Nxc5 24.Ne3 Qd4 25.Nhf1 Qxa1  0-1

[Event "Guillermo Garcia Mem"]
[Site "Santa Clara CUB"]
[Date "2008.05.24"]
[Round "6"]
[White "Quezada Perez,Y"]
[Black "Martinez,Lel"]
[Result "1/2-1/2"]
[WhiteElo "2567"]
[BlackElo "2499"]

1.e4 c5 2.Nf3 Nc6 3.Bb5 e6 4.O-O Nge7 5.Re1 a6 6.Bf1 d5 7.exd5 Nxd5 8.d4 cxd4
9.Nxd4 Nde7 10.Nxc6 Qxd1 11.Rxd1 Nxc6 12.Be3 Nb4 13.Rd2 Nd5 14.Bd4 Bd7 15.c4 Nf6
16.Nc3 Bc6 17.Rad1 O-O-O 18.a3 Ne4 19.Nxe4 Bxe4 20.b4 Rg8 21.f3 Bc6 22.Bb6 Rxd2
23.Rxd2 Bd7 24.Kf2 g5 25.Bd3 h5 26.Bh7 Rh8 27.Be4 f5 28.Bc2 Bg7 29.Bd4 Bxd4+
30.Rxd4 h4 31.c5 Kc7 32.Rd6 Rd8 33.Bb3 Bc8 34.Bxe6 Rxd6 35.cxd6+ Kd8 36.Bxc8 Kxc8
37.g3 h3 38.g4 f4 39.Ke2 Kd7 40.Kd3 Kxd6 41.Ke4 Ke6 42.Kd4 Kd6 43.Ke4  1/2-1/2

[Event "VI Regina Helena Prol"]
[Site "Santos BRA"]
[Date "2008.05.25"]
[Round "9"]
[White "Bachmann,Ax"]
[Black "Lujan,C"]
[Result "1/2-1/2"]
[WhiteElo "2519"]
[BlackElo "2365"]

1.e4 c5 2.Nf3 Nc6 3.Bb5 e6 4.Bxc6 bxc6 5.d3 Qc7 6.Qe2 Ne7 7.e5 Ng6 8.h4 f6
9.exf6 gxf6 10.h5 Nf4 11.Qe4 Bd6 12.Bxf4 Bxf4 13.Nbd2 d5 14.Qe2 Bd7 15.g3 Bd6
16.Qe3 O-O-O 17.O-O-O  1/2-1/2

[Event "XXVII Open"]
[Site "Zalakarosi HUN"]
[Date "2008.05.25"]
[Round "4"]
[White "Meszaros,T"]
[Black "Zakharchenko,A"]
[Result "1-0"]
[WhiteElo "2437"]
[BlackElo "2281"]

1.e4 c5 2.Nf3 Nc6 3.Bb5 g6 4.O-O Bg7 5.Re1 Nf6 6.e5 Nd5 7.Nc3 Nxc3 8.dxc3 O-O
9.Bg5 Qc7 10.Qd5 b6 11.Qe4 Bb7 12.Qh4 f6 13.Bc4+ Kh8 14.Bh6 Rae8 15.Re3 Bxh6
16.Qxh6 e6 17.Bd3 Nxe5 18.Nxe5 fxe5 19.Bxg6 d6 20.Bxe8 Rxe8 21.Qf6+ Qg7 22.Qxg7+ Kxg7
23.Rd1  1-0

[Event "Doroshkevich mem"]
[Site "Maykop RUS"]
[Date "2008.05.26"]
[Round "3"]
[White "Lastin,A"]
[Black "Anoshkin,A1"]
[Result "1-0"]
[WhiteElo "2622"]
[BlackElo "2379"]

1.e4 c5 2.Nf3 Nc6 3.Bb5 g6 4.Bxc6 dxc6 5.d3 Bg7 6.h3 e5 7.a3 a5 8.Be3 Qe7
9.Qd2 Nf6 10.Bh6 Bxh6 11.Qxh6 Nd7 12.Nc3 f6 13.Nd2 b5 14.a4 b4 15.Nd1 Nf8
16.f4 exf4 17.Qxf4 Ne6 18.Qf2 O-O 19.O-O Ba6 20.Ne3 Nd4 21.Nf3 b3 22.Nxd4 cxd4
23.Ng4 bxc2 24.Qxc2 h5 25.Nh2 c5 26.Nf3 Rac8 27.b3 Kg7 28.Rae1 Qd6 29.Rf2 Rb8
30.Rc1 Qb6 31.Qxc5 Qxc5 32.Rxc5 Bxd3 33.Nxd4 Rf7 34.e5 fxe5 35.Rxe5 Rb4 36.Rd5 Be4
37.Ne6+ Kh6 38.Rxh5+ gxh5 39.Rxf7 Bd5 40.Rf6+ Kh7 41.Nc5 Bxb3 42.Nxb3 Rxb3
43.Rf5 Kg6 44.Rxa5 Rb2 45.Rb5 Ra2 46.Rb4 Kg5 47.h4+ Kf5 48.Kh2 Ra3 49.Rb5+ Kg4
50.Rb4+ Kf5 51.g3 Ra2+ 52.Kh3 Kg6 53.g4 Ra3+ 54.Kg2 hxg4 55.Rxg4+ Kh5 56.Rb4 Ra2+
57.Kf3 Ra3+ 58.Ke2 Rg3 59.Rf4 Rc3 60.Kd2 Rc5 61.Kd3 Rc1 62.Rc4 Rd1+ 63.Kc3  1-0

[Event "ch-CHN w"]
[Site "Beijing CHN"]
[Date "2008.05.29"]
[Round "1"]
[White "Gu Xiaobing"]
[Black "Wang Xiaohui"]
[Result "1/2-1/2"]
[WhiteElo "2225"]
[BlackElo "2211"]

1.e4 c5 2.Nf3 Nc6 3.Bb5 Nd4 4.Bc4 g6 5.Nc3 Bg7 6.Nxd4 cxd4 7.Qf3 Nh6 8.Ne2 O-O
9.d3 Ng4 10.Qg3 d6 11.h4 h5 12.Bb3 Kh7 13.O-O e5 14.f3 Ne3 15.Bxe3 dxe3 16.f4 Bg4
17.Rae1 Bxe2 18.Rxe2 exf4 19.Qxf4 Be5 20.Qxe3 Qxh4 21.g4 Qxg4+ 22.Rg2 Qh4
23.d4 Bf6 24.c3 Rae8 25.Bd5 Re7 26.Rf3 Rfe8 27.Rh3 Rxe4 28.Bxe4 Qxe4 29.Qxe4 Rxe4
30.Rf2 Kg7 31.Rhf3 Re6 32.d5 Re1+ 33.Kg2 Be5 34.Rxf7+ Kh6 35.Re7 h4 36.Rxb7 g5
37.Rf1 Re2+ 38.Kf3 Rd2 39.Kg4 Rg2+ 40.Kf3 h3 41.Rb4 Kh5 42.Rh1 Rg3+ 43.Kf2 Rg2+
44.Kf1 Rg3 45.c4 g4 46.c5 dxc5 47.Re4 Bxb2 48.Ke2 Rg2+ 49.Kd3 h2 50.d6 Bf6
51.Re6 c4+ 52.Kxc4 Bh4 53.d7 Rd2 54.Kc3 Rxd7 55.Rxh2 Kg5 56.Re8 Rh7 57.Kd3 Kf4
58.Rc2 Rd7+ 59.Ke2 Bg5 60.Rc4+ Kg3 61.Ree4 Rd2+ 62.Ke1 Kf3 63.Re5 Bh6 64.Rf5+ Ke3
65.Rc6 Rh2 66.Re6+ Kd4 67.Rf2 Rh1+ 68.Ke2 g3 69.Rg2 Bf4 70.Ra6 Bb8 71.Ra4+ Kd5
72.Kf3 Rh2 73.Rg1 Rf2+ 74.Ke3 Bc7 75.Rd1+ Ke5 76.Re4+ Kf6 77.Rg4 Bb6+ 78.Ke4 g2
79.Rd6+ Ke7 80.Rdg6 Rxa2 81.Rxg2 Rxg2 82.Rxg2 Kd6 83.Rd2+ Kc6 84.Ke5 a5 85.Rc2+ Bc5
86.Rc4 Kb6 87.Kd5 Bb4 88.Rc8 Bd2 89.Rc6+ Kb7 90.Kc5 a4 91.Rb6+ Ka7 92.Kb5 a3
93.Rd6 a2 94.Ra6+ Kb7 95.Rxa2 Bf4 96.Rf2 Bg3 97.Rf3 Bh2 98.Rf6 Bg3 99.Rb6+ Ka7
100.Kc6 Bf4 101.Rb4 Bg3 102.Rb7+ Ka8 103.Rb3 Be5 104.Rd3 Bf4 105.Rd7 Be3
106.Kc7 Bf4+ 107.Kc8 Bg3 108.Rb7 Bf4 109.Rb3 Ka7 110.Ra3+  1/2-1/2

[Event "Mitropa Cup w"]
[Site "Olbia ITA"]
[Date "2008.05.29"]
[Round "6"]
[White "Sedina,E"]
[Black "Kopinits,A"]
[Result "1-0"]
[WhiteElo "2356"]
[BlackElo "2192"]

1.e4 c5 2.Nf3 Nc6 3.Bb5 d6 4.O-O Bd7 5.Re1 Nf6 6.c3 a6 7.Ba4 b5 8.Bc2 e5
9.d3 Be7 10.Nbd2 O-O 11.Nf1 Re8 12.Ng3 h6 13.a4 Be6 14.h3 Qc7 15.Nh4 d5 16.exd5 Nxd5
17.Nhf5 Bf8 18.axb5 axb5 19.Rxa8 Rxa8 20.d4 cxd4 21.Qd3 g6 22.Nxh6+ Bxh6
23.Bxh6 Ncb4 24.cxb4 Nxb4 25.Qf3 Kh7 26.Qxa8 Nxc2 27.Rc1 Bb3 28.Ne4 f5 29.Nf6+ Kxh6
30.Qh8+ Kg5 31.h4+  1-0

[Event "TCh-ISR"]
[Site "Israel ISR"]
[Date "2008.05.30"]
[Round "11"]
[White "Krayz,A"]
[Black "Zaslavsky,M"]
[Result "1/2-1/2"]
[WhiteElo "2384"]
[BlackElo "2326"]

1.e4 c5 2.Nf3 Nc6 3.Bb5 g6 4.O-O Bg7 5.c3 Nf6 6.Qe2 O-O 7.Rd1 d6 8.h3 Qc7
9.d4 a6 10.Ba4 b5 11.Bb3 e5 12.dxc5 dxc5 13.Nbd2 Bb7 14.a4 c4 15.Bc2 Nd8
16.axb5 axb5 17.Rxa8 Bxa8 18.b3 cxb3 19.Bxb3 Qxc3 20.Ba3 Re8 21.Qxb5 Qc7
22.Rc1 Bc6 23.Ng5 Bxb5 24.Rxc7 Bd7 25.Bd6 Ne6 26.Nxe6 Bxe6 27.Bxe6 Rxe6 28.Nc4 h5
29.f3 Ne8 30.Rc8 f6 31.Bc5 Bf8 32.Bxf8 Kxf8 33.Ne3 Kf7 34.h4 Rd6 35.Rb8 Rd7
36.Nd5 f5 37.Kf2 fxe4 38.fxe4 Nf6  1/2-1/2

[Event "TCh-ISR"]
[Site "Israel ISR"]
[Date "2008.05.30"]
[Round "11"]
[White "Abergel,T"]
[Black "Manor,I"]
[Result "0-1"]
[WhiteElo "2520"]
[BlackElo "2490"]

1.e4 c5 2.Nf3 Nc6 3.Bb5 Qb6 4.Nc3 e6 5.Bxc6 Qxc6 6.d4 cxd4 7.Qxd4 b5 8.Ne5 Qb7
9.O-O b4 10.Ne2 Nf6 11.Ng3 h5 12.h4 Qc7 13.Be3 Bb7 14.Nd3 Be7 15.Bg5 a5 16.c4 d6
17.b3 Qc6 18.f3 e5 19.Qb2 g6 20.Rad1 O-O 21.Kh1 Qc7 22.Nf2 Nh7 23.Nh3 Bc8
24.Bh6 Bxh4 25.Bxf8 Nxf8 26.Kh2 Ne6 27.Ne2 Nc5 28.Qd2 Be7 29.Qe3 a4 30.f4 Bg4
31.f5 Kg7 32.Rd2 axb3 33.axb3 Ra3 34.Nc1 gxf5 35.exf5 Bf6 36.Ng5 e4 37.Kh1 Qe7
38.Nh3 Qe5 39.Nf4 Qc3 40.Qxc3 bxc3 41.Rxd6 Ra1 42.Rxf6 Kxf6 43.Nd5+ Ke5 44.Kg1 c2
45.Ne3 Bd1 46.Nxc2  0-1

[Event "ch-CHN w"]
[Site "Beijing CHN"]
[Date "2008.05.31"]
[Round "3"]
[White "Zhang Jilin"]
[Black "Zhao Xue"]
[Result "1-0"]
[WhiteElo "2361"]
[BlackElo "2523"]

1.e4 c5 2.Nf3 Nc6 3.Bb5 d6 4.O-O Bd7 5.Re1 Nf6 6.c3 a6 7.Bxc6 Bxc6 8.d4 Bxe4
9.Bg5 Bd5 10.Nbd2 b5 11.c4 bxc4 12.dxc5 e6 13.cxd6 Bxd6 14.Rc1 O-O 15.Nxc4 Bb4
16.Rf1 Rc8 17.Nfe5 h6 18.Be3 Qe7 19.a3 Bc5 20.Bxc5 Rxc5 21.b4 Rc7 22.Nb6 Bb7
23.Qd4 Rd8 24.Rxc7 Qxc7 25.Qc5 Nd5 26.Qxc7 Nxc7 27.f3 Nb5 28.Rc1 f6 29.Nec4 Bd5
30.a4 Nd4 31.Kf2 Rb8 32.Rb1 Bxc4 33.Nxc4 Kf8 34.Na3 Ke7 35.Ke3 Nf5+ 36.Ke2 Kd6
37.Kd3 g5 38.Nc4+ Kc6 39.Na5+ Kc7 40.Nc4 Rd8+ 41.Kc3 Ne7 42.b5 Nd5+ 43.Kb3 Rb8
44.Rc1 axb5 45.Na3+ Kb6 46.axb5 Ne7 47.Re1 e5 48.Rd1 Kc5 49.Rc1+ Kd6 50.g4 Rh8
51.Nc4+ Ke6 52.Ra1 Rb8 53.Ra6+ Kd5 54.Nb6+ Kd4 55.Ka4 Rb7 56.Ka5 f5 57.gxf5 Nxf5
58.Na4 Rb8 59.Rf6 Ra8+ 60.Kb4 Ne3 61.Rd6+ Nd5+ 62.Rxd5+ Kxd5 63.Nb6+ Kd4
64.Nxa8 g4 65.fxg4 e4 66.Nc7 e3 67.Ne6+ Ke4 68.Kc3  1-0

[Event "XVI Lasker Mem Open A"]
[Site "Barlinek POL"]
[Date "2008.06.01"]
[Round "2"]
[White "Rooze,J"]
[Black "Zezulkin,J"]
[Result "1-0"]
[WhiteElo "2316"]
[BlackElo "2443"]

1.e4 c5 2.Nf3 Nc6 3.Bb5 d6 4.O-O Bd7 5.Re1 Nf6 6.c3 a6 7.Bxc6 Bxc6 8.d4 Bxe4
9.Bg5 Bd5 10.Nbd2 c4 11.b3 b5 12.bxc4 bxc4 13.Nh4 Qd7 14.Rb1 h5 15.Qc2 e6
16.Nf5 Nh7 17.Ne3 Bxg2 18.Nxg2 Nxg5 19.h4 Nh3+ 20.Kf1 g5 21.Nxc4 Qc6 22.Nb6 Ra7
23.d5 Qc5 24.dxe6 fxe6 25.Rxe6+ Be7 26.Re3 g4 27.Qe4 O-O 28.Nd5 Nxf2 29.Qg6+ Kh8
30.Qxh5+ Kg7 31.Rxe7+  1-0

[Event "XXX Nezhmetdinov Mem"]
[Site "Kazan RUS"]
[Date "2008.06.01"]
[Round "1"]
[White "Sokolov,Sergei"]
[Black "Demanov,Al"]
[Result "1-0"]
[WhiteElo "2362"]
[BlackElo "2045"]

1.e4 c5 2.Nf3 Nc6 3.Bb5 g6 4.Bxc6 bxc6 5.O-O Bg7 6.Re1 e5 7.c3 Qc7 8.d4 cxd4
9.cxd4 d6 10.dxe5 dxe5 11.Be3 Nf6 12.Bc5 Bf8 13.Qc1 Nd7 14.Bxf8 Kxf8 15.Qh6+ Kg8
16.Nbd2 f6 17.Rac1 Rb8 18.Nb3 a5 19.Rc2 a4 20.Nbd2 Nf8 21.Rec1 Bd7 22.Nc4 Ne6
23.Rd2 Nd8 24.Qh4 Kg7 25.Ncxe5 Be6 26.Ng4 Qf4 27.h3 h5 28.Ne3 Qxh4 29.Nxh4 Bxa2
30.Nf3 Re8 31.Ra1 Bb3 32.Rd7+ Nf7 33.Nd2 Be6 34.Rc7 Rxb2 35.Ndc4 Rb4 36.Nd6 Rd8
37.Nb7 Rb8 38.Nc5 Rb1+ 39.Rxb1 Rxb1+ 40.Kh2 Bb3 41.Rxc6 a3 42.Ra6 a2 43.Nxb3 Rxb3
44.Rxa2 Ng5 45.Ra7+ Kh6 46.Re7 h4 47.Ng4+ Kh5 48.Nxf6+ Kh6 49.f4 Rb2 50.Ng4+ Kh5
51.fxg5  1-0

[Event "XXX Nezhmetdinov Mem"]
[Site "Kazan RUS"]
[Date "2008.06.02"]
[Round "2"]
[White "Kalegin,E"]
[Black "Sokolov,Sergei"]
[Result "1-0"]
[WhiteElo "2510"]
[BlackElo "2362"]

1.e4 c5 2.Nf3 Nc6 3.Bb5 g6 4.Bxc6 dxc6 5.d3 Bg7 6.h3 Nf6 7.Nc3 Nd7 8.Be3 e5
9.Qd2 h6 10.O-O Qe7 11.Nh2 Nf8 12.f4 exf4 13.Bxf4 Ne6 14.Bg3 Nd4 15.Rae1 O-O
16.e5 Bf5 17.Ne4 Bxe4 18.Rxe4 h5 19.Bh4 Qc7 20.Bf6 Kh7 21.g4 Bh6 22.Qf2 Rg8
23.e6 Nxe6 24.Be5 Qd7 25.Qxf7+ Qxf7 26.Rxf7+ Bg7 27.Rxb7 Ng5 28.Re3 Kh8 29.Rxg7 Rxg7
30.Bf6 Nf7 31.Re7 Kg8 32.Bxg7 Kxg7 33.Nf3 Kf8 34.Re6 c4 35.Rxc6 cxd3 36.cxd3 hxg4
37.hxg4 Rb8 38.b3 Rb4 39.d4 a5 40.Kf2 a4 41.Rc4 Rxc4 42.bxc4 Nd6 43.Nd2  1-0

[Event "XXX Nezhmetdinov Mem"]
[Site "Kazan RUS"]
[Date "2008.06.02"]
[Round "2"]
[White "Alavkin,A"]
[Black "Bessolitcin,M"]
[Result "1-0"]
[WhiteElo "2439"]
[BlackElo "1868"]

1.e4 c5 2.Nf3 Nc6 3.Bb5 g6 4.O-O Bg7 5.Re1 Qb6 6.a4 a6 7.Bf1 d6 8.Na3 Bg4
9.Nc4 Qc7 10.Ne3 Nf6 11.Nxg4 Nxg4 12.h3 Nge5 13.Nh2 O-O 14.f4 Nd7 15.Nf3 Nd4
16.c3 Nxf3+ 17.Qxf3 e6 18.d3 Rae8 19.g4 f5 20.exf5 exf5 21.Rxe8 Rxe8 22.gxf5 gxf5
23.Qd5+ Kh8 24.Qxf5 Rf8 25.Qe4 Nf6 26.Qf3 Qf7 27.Bg2 b6 28.a5 b5 29.Kh2 Nh5
30.Be3 Be5 31.fxe5 Qxf3 32.Bxf3 Rxf3 33.Re1 dxe5 34.Bxc5 Nf4 35.Rxe5 Rxh3+
36.Kg1 Rg3+ 37.Kf2 Rxd3 38.Be3 Ng6 39.Re6 Kg8 40.Rxa6 Ne5 41.Ke2 Rd8 42.Bd4 Re8
43.Bxe5 Rxe5+ 44.Kf3 Rf5+ 45.Ke4 Rf2 46.b4 Kg7 47.Rb6 h5 48.Rxb5 Kg6 49.a6 Rf8
50.a7 Ra8 51.Ra5  1-0

[Event "XXX Nezhmetdinov Mem"]
[Site "Kazan RUS"]
[Date "2008.06.03"]
[Round "3"]
[White "Semenova,E"]
[Black "Turebaeva,A"]
[Result "0-1"]
[WhiteElo "2038"]
[BlackElo "2219"]

1.e4 c5 2.Nf3 Nc6 3.Bb5 g6 4.O-O Bg7 5.c3 Nf6 6.Re1 O-O 7.d4 cxd4 8.cxd4 d5
9.e5 Ne4 10.Bxc6 bxc6 11.Nbd2 Nxd2 12.Nxd2 c5 13.dxc5 Qc7 14.Nf3 Qxc5 15.Be3 Qb5
16.b3 a5 17.Rc1 Bb7 18.Bc5 Rfe8 19.Nd4 Qd7 20.e6 fxe6 21.Nxe6 Bh6 22.Rc4 Ra6
23.Rce4 Qc8 24.Rh4 Rxe6 25.Rxe6 Qxe6 26.Rxh6 Qc6 27.Ba3 d4 28.f3 Qc3 29.Rh4 Qe3+
30.Kh1 d3 31.Bc1 Qe2  0-1

[Event "XXX Nezhmetdinov Mem"]
[Site "Kazan RUS"]
[Date "2008.06.03"]
[Round "3"]
[White "Yandemirov,V"]
[Black "Burger,Ko"]
[Result "1-0"]
[WhiteElo "2463"]
[BlackElo "2120"]

1.e4 c5 2.Nf3 Nc6 3.Bb5 g6 4.O-O Bg7 5.c3 Nf6 6.Qa4 O-O 7.d4 cxd4 8.cxd4 a6
9.d5 Na7 10.Bd3 d6 11.Nc3 b5 12.Qa3 Qb6 13.b4 e6 14.Be3 Qb7 15.Rac1 exd5
16.Nxd5 Nxd5 17.exd5 Qxd5 18.Nd2 Qb7 19.Ne4 Qd7 20.Rfd1 Bb7 21.Bc2 Nc8 22.Nc5 Qe7
23.Nxb7 Qxb7 24.Bb3 Ne7 25.Rxd6 Rfd8 26.Rxd8+ Rxd8 27.Qa5 Rc8 28.Rxc8+ Qxc8
29.Qb6 Nf5 30.Bc5 Qe8 31.Kf1 Bc3 32.g3 Qe1+ 33.Kg2 Qe4+ 34.Kg1 Qe1+ 35.Kg2 Qe4+
36.Kh3 Kg7 37.Qd8 Kh6 38.f4 Qe2 39.Bf8+  1-0

[Event "TCh-BIH"]
[Site "Neum BIH"]
[Date "2008.06.04"]
[Round "1"]
[White "Plakalovic,P"]
[Black "Stojanovic,Da"]
[Result "0-1"]
[WhiteElo "2187"]
[BlackElo "2496"]

1.e4 c5 2.Nf3 Nc6 3.Bb5 g6 4.O-O Bg7 5.Re1 Nf6 6.c3 O-O 7.d4 d5 8.exd5 Qxd5
9.c4 Qd6 10.dxc5 Qxd1 11.Rxd1 Ne4 12.Nc3 Nxc3 13.bxc3 Bxc3 14.Rb1 Bf5 15.Bxc6 Bxb1
16.Bxb7 Rad8 17.Bd2 Bc2 18.c6 Bxd1 19.Bxc3 Ba4 20.Kf1 Rc8 21.Nd4 Rb8 22.c5 e5
23.Nb3 f6 24.Na5 Kf7 25.f4 exf4 26.Kf2 Bb5 27.a4 Bd3 28.Kf3 g5 29.Nb3 Rfe8
30.Nd4 Be4+ 31.Kf2 Rxb7 32.cxb7 Bxb7 33.Nf5 Kg6 34.Nd6 Re7 35.Bd4 Bc6 36.a5 a6
37.Kf1 h5 38.Kf2 g4  0-1